Questions contemporaines de science criminelle
| Contributors: | |
|---|---|
| Format: | Print Book |
| Language: | French |
| Published: |
Paris
Cujas
1996
|
| In: |
Travaux de l'Institut de Sciences Criminelles de Poitiers (16)
Year: 1996 |
| Edition: | 1. éd. |
| Availability in Tübingen: | Present in Tübingen. UB: KB 19 A 6163 |
| Check availability: | HBZ Gateway |
| Subito Delivery Service: | Order now. |
MARC
| LEADER | 00000cam a2200000 c 4500 | ||
|---|---|---|---|
| 001 | 27409374X | ||
| 003 | DE-627 | ||
| 005 | 20250804102102.0 | ||
| 007 | tu | ||
| 008 | 970812s1996 xx ||||| 00| ||fre c | ||
| 020 | |a 2254964135 |9 2-254-96413-5 | ||
| 035 | |a (DE-627)27409374X | ||
| 035 | |a (DE-576)060710942 | ||
| 035 | |a (DE-599)GBV27409374X | ||
| 035 | |a (OCoLC)246542277 | ||
| 035 | |a (OCoLC)67113846 | ||
| 040 | |a DE-627 |b ger |c DE-627 |e rakwb | ||
| 041 | |a fre | ||
| 245 | 0 | 0 | |a Questions contemporaines de science criminelle |c sous la dir. de Jean Pradel |
| 250 | |a 1. éd. | ||
| 264 | 1 | |a Paris |b Cujas |c 1996 | |
| 300 | |a 190 S. | ||
| 336 | |a Text |b txt |2 rdacontent | ||
| 337 | |a ohne Hilfsmittel zu benutzen |b n |2 rdamedia | ||
| 338 | |a Band |b nc |2 rdacarrier | ||
| 490 | 1 | |a Travaux de l'Institut de Sciences Criminelles de Poitiers |v 16 | |
| 583 | 1 | |a Archivierung prüfen |c 20200919 |f DE-640 |z 2 |2 pdager | |
| 700 | 1 | |a Pradel, Jean |d 1933-2021 |e Hrsg. |0 (DE-588)132746948 |0 (DE-627)526870494 |0 (DE-576)162605544 |4 edt | |
| 810 | 2 | |a Université de Poitiers |b Institut de sciences criminelles |t Travaux de l'Institut de Sciences Criminelles de Poitiers |v 16 |9 16 |w (DE-627)170756181 |w (DE-576)007869479 |w (DE-600)1101575-5 |x 0248-0301 |7 am | |
| 951 | |a BO | ||
| ELC | |b 1 | ||
| LOK | |0 000 xxxxxcx a22 zn 4500 | ||
| LOK | |0 001 320047596X | ||
| LOK | |0 003 DE-627 | ||
| LOK | |0 004 27409374X | ||
| LOK | |0 005 19971205000000 | ||
| LOK | |0 008 971125||||||||||||||||ger||||||| | ||
| LOK | |0 040 |a DE-21 |c DE-627 |d DE-21 | ||
| LOK | |0 852 |a DE-21 | ||
| LOK | |0 852 1 |c KB 19 A 6163 |9 00 | ||
| LOK | |0 935 |a krim | ||
| LOK | |0 936ln |a k1.5 | ||
| LOK | |0 939 |a 25-11-97 |b l01 | ||
| ORI | |a SA-MARC-krimdoka001.raw | ||
| SIG | |a UB: KB 19 A 6163 | ||
